Регионална библиотека "Любен Каравелов" - Русе

Господарят на ветровете (Запис номер 132520)

MARC детайли
000 -Лидер
Контролно поле с фиксирана дължина 01499nam a2200349 c 4500
003 - Код на организацията, давaща контролен номер
Контролно поле BLK
005 - Дата и час на последна редакция
Контролно поле 20240315005314.0
008 - Елементи от данни с фиксирана дължина
fixed length control field 180409b bul|||||r ||||||| ||bul||
010 ## - Наследен системен номер
LC control number KNG00138389000
040 ## - Източник на каталожния запис
Идентификатор на билиотеката - собственик на записа BLK
041 ## - Код за език
Код за езика на текст/звукозапис или на отделно заглавие Български
Код за езика КДБФ Български
080 ## - УДК
Текстов определител УДК Руска литература
УДК код - определител по УДК 821.161.1
УДК определител -93-91
УДК - код + определител 821.161.1-93-91
139 ## - Редно поле
Редна дума Господарят на ветровете
Авторски знак Гос - Г 70
245 10 - Сведения за заглавието
Заглавие Господарят на ветровете
Подзаглавни данни Нар. приказки от РСФСР
Редно поле (дума) преразк. Михаил Булатов; прев. от рус. Дона Минчева; худож. Румен Денев Скорчев.
257 ## - Страна на издаване
Страна на създаване/издаване СССР
260 ## - Област на издателските данни
-- София
Име на издателя, разпространителя и проч. Нар. младеж
Година на издаване 1968
Печатница София : ДПК Д. Благоев
300 ## - Физическа характеристика
Страници 223 с.
Илюстрации и др. с ил., 12 л. ил.
Размери/Мащаб 21 см
380 ## - Жанр
Жанр Детска худож. лит.
490 1# - СЕРИИ (Колекции)
Име на серия Библиотека Приказки от цял свят
№: серия № 31
500 ## - Общи забележки
Забележка Авт. не е даден на кор. - Ориг. загл. Хозяин ветров. - 30 100 тир.
653 ## - Ключова дума – ненормативна
Ключова дума приказки
653 ## - Ключова дума – ненормативна
Ключова дума литература за деца
653 ## - Ключова дума – ненормативна
Ключова дума детска литература
700 1# - Други автори (авторска отговорност)
Лично име Булатов, Михаил
Автороска отговорност (Описва отношението между автора и произведението) преразк.
9 (RLIN) 323321
700 1# - Други автори (авторска отговорност)
Лично име Минчева, Дона
Автороска отговорност (Описва отношението между автора и произведението) прев. от рус.
9 (RLIN) 377329
852 ## - Местоположение
Форматна сигнатура Цб 257167
856 4# - Електронен адрес и достъп
Електронен формат pdf - файл
Път до файла /url/
856 4# - Електронен адрес и достъп
Електронен формат pdf - файл
Път до файла /url/
942 ## - АРТИКУЛИ
Вид на библиотечния материал Книги
Скрит в OPAC Не
944 ## - СЪЗДАВАНЕ И РЕДАКЦИЯ на ЗАПИСА
Създаване/Редакция Създаване
Дата на регистрацията/редакция 24.01.2013
Статус, дата на статуса CRON CRON
Служител, извършил регистрацията/редакцията
944 ## - СЪЗДАВАНЕ И РЕДАКЦИЯ на ЗАПИСА
Създаване/Редакция Редакция
Дата на регистрацията/редакция 22.04.2014
Статус, дата на статуса ф / 24.01.2013
Служител, извършил регистрацията/редакцията
999 ## - СИСТЕМНИ КОНТРОЛНИ НОМЕРА
Koha biblionumber 132520
Koha biblioitemnumber 132520
Наличности
Код за отписване Код за изгубен артикул Източник на класификационната схема Код за повреда Коз за рестрикции Код за отдаване Артикулен № Име на библиотеката - собственик Име на библиотеката, в която се намира в момента Статус (Текущо местоположение) Дата на вписване в системата Местоположение - отдел Цена в лева Инвентарен номер Систематично азбучна сигнатура Баркод Номер на екземпляра Цена в евро Служебна бележка Служебен тип на артикула
  Не е изгубен Universal Decimal Classification Не е повреден без рестрикции ползва се в читалня 216162 Регионална библиотека "Любен Каравелов" Русе Регионална библиотека "Любен Каравелов" Русе Хранилище 1968-01-01 Хранилище 1.46 17553/68 Цб 257167 900000104161 1 0.75 Дост: Dp Вид: Д N: стар фонд Дата: 01.01.1968 Книги
Изтеглен Не е изгубен Universal Decimal Classification Не е повреден без рестрикции заемане за дома 216163 Регионална библиотека "Любен Каравелов" Русе Регионална библиотека "Любен Каравелов" Русе Детски отдел 1968-01-01 Детски отдел 1.46 45043 ДХ 820/899/Г 70 45043 2 0.75 Дост: Pk N: стар фонд Дата: 01.01.1968 Дата инв: 13.08.2015 Бележки инв: Д2015 Книги
Изтеглен Не е изгубен Universal Decimal Classification Не е повреден без рестрикции заемане за дома 216164 Регионална библиотека "Любен Каравелов" Русе Регионална библиотека "Любен Каравелов" Русе Детски отдел 1968-01-01 Детски отдел 1.46 45050 ДХ 820/899/Г 70 45050 3 0.75 Дост: Pk N: стар фонд Дата: 01.01.1968 Дата инв: 13.08.2015 Бележки инв: Д2015 Книги
Vip Innovations Ltd, Rousse, Bulgaria 2025